Tập làm văn 3 Sách tham khảo dành cho giáo viên và phụ huynh học sinh
v.v...
Đã lưu trong:
| Tác giả chính: | |
|---|---|
| Định dạng: | Sách |
| Năm xuất bản: |
H.
Giáo dục
2004
|
| Chủ đề: | |
| Tags: |
Thêm thẻ
Không có thẻ, Hãy là người đầu tiên gắn thẻ bản ghi này!
|
| LEADER | 01926nam a2200265 4500 | ||
|---|---|---|---|
| 999 | |c 10980 |d 10980 | ||
| 082 | |a 372.623 |b Đ115M | ||
| 100 | |a Đặng Mạnh Thường | ||
| 245 | |a Tập làm văn 3 |c Đặng Mạnh Thường |b Sách tham khảo dành cho giáo viên và phụ huynh học sinh | ||
| 260 | |a H. |b Giáo dục |c 2004 | ||
| 300 | |a 95 tr. |c 24 cm. | ||
| 520 | |a v.v... | ||
| 653 | |a Giáo dục tiểu học | ||
| 653 | |a Tập làm văn | ||
| 653 | |a Lớp 3 | ||
| 942 | |2 ddc |c STK0 | ||
| 952 | |0 0 |1 0 |2 ddc |4 0 |6 372_623000000000000_Đ115M |7 0 |8 300 |9 94536 |a qbu |b qbu |c D2 |d 2015-09-29 |g 9000 |o 372.623 Đ115M |p 10951.c1 |r 0000-00-00 |w 2015-09-29 |y STK0 | ||
| 952 | |0 0 |1 0 |2 ddc |4 0 |6 372_623000000000000_Đ115M |7 0 |8 300 |9 94537 |a qbu |b qbu |c D2 |d 2015-09-29 |g 9000 |o 372.623 Đ115M |p 10951.c2 |r 0000-00-00 |w 2015-09-29 |y STK0 | ||
| 952 | |0 0 |1 0 |2 ddc |4 0 |6 372_623000000000000_Đ115M |7 0 |8 300 |9 94538 |a qbu |b qbu |c D2 |d 2015-09-29 |g 9000 |o 372.623 Đ115M |p 10951.c3 |r 0000-00-00 |w 2015-09-29 |y STK0 | ||
| 952 | |0 0 |1 0 |2 ddc |4 0 |6 372_623000000000000_Đ115M |7 0 |8 300 |9 94539 |a qbu |b qbu |c D2 |d 2015-09-29 |g 9000 |l 2 |o 372.623 Đ115M |p 10951.c4 |r 2019-12-26 |s 2019-12-19 |w 2015-09-29 |y STK0 | ||
| 952 | |0 0 |1 0 |2 ddc |4 0 |6 372_623000000000000_Đ115M |7 0 |8 300 |9 94540 |a qbu |b qbu |c D2 |d 2015-09-29 |g 9000 |o 372.623 Đ115M |p 10951.c5 |r 0000-00-00 |w 2015-09-29 |y STK0 | ||
| 952 | |0 0 |1 0 |2 ddc |4 0 |6 372_623000000000000_Đ115M |7 0 |8 300 |9 94541 |a qbu |b qbu |c D2 |d 2015-09-29 |g 9000 |o 372.623 Đ115M |p 10951.c6 |r 0000-00-00 |w 2015-09-29 |y STK0 | ||
| 952 | |0 0 |1 0 |2 ddc |4 0 |6 372_623000000000000_Đ115M |7 0 |8 300 |9 94542 |a qbu |b qbu |c D2 |d 2015-09-29 |g 9000 |o 372.623 Đ115M |p 10951.c7 |r 0000-00-00 |w 2015-09-29 |y STK0 | ||
| 952 | |0 0 |1 0 |2 ddc |4 0 |6 372_623000000000000_Đ115M |7 0 |8 300 |9 94543 |a qbu |b qbu |c D2 |d 2015-09-29 |g 9000 |o 372.623 Đ115M |p 10951.c8 |r 0000-00-00 |w 2015-09-29 |y STK0 | ||
| 952 | |0 0 |1 0 |2 ddc |4 0 |6 372_623000000000000_Đ115M |7 0 |8 300 |9 94544 |a qbu |b qbu |c D2 |d 2015-09-29 |g 9000 |o 372.623 Đ115M |p 10951.c9 |r 0000-00-00 |w 2015-09-29 |y STK0 | ||